Cristo en el apocalipsis
Uloženo v:
| Hlavní autor: | |
|---|---|
| Médium: | Kniha |
| Jazyk: | španělština |
| Vydáno: |
Barcelona
Herder
1969
|
| Edice: | Biblioteca Herder. Sección de Sagrada Escritura, 108
|
| Témata: | |
| Tagy: |
Přidat tag
Žádné tagy, Buďte první, kdo vytvoří štítek k tomuto záznamu!
|
MARC
| LEADER | 00000nam a2200000 a 4500 | ||
|---|---|---|---|
| 001 | UCL1720 | ||
| 003 | CL-VaPUC | ||
| 008 | 030926e19690000SP |||||||||||||||||spa|d | ||
| 082 | 0 | 4 | |a 228 |b COM |2 21 |
| 100 | |a Comblin, José |e autor |9 399888 | ||
| 245 | 1 | 0 | |a Cristo en el apocalipsis |
| 300 | |a 377 p | ||
| 942 | |c BK | ||
| 945 | |d 20030926 00:00:00 |a rbrito | ||
| 260 | |a Barcelona |b Herder |c 1969 | ||
| 650 | 0 | |a Apocalipsis de San Juan |9 478547 | |
| 650 | 0 | |a Cristología |9 315091 | |
| 650 | 0 | |a Escatología |9 314395 | |
| 583 | |a last modification |c 20030926 00:00:00 |k Rodrigo Vera | ||
| 490 | 0 | |a Biblioteca Herder. Sección de Sagrada Escritura, 108 | |
| 999 | |c 305161 |d 305159 | ||
| 952 | |0 0 |1 0 |4 0 |6 228_000000000000000_COM_1969 |7 0 |8 A |9 368253 |a BIBTEO |b BIBTEO |d 2019-11-21 |i 2081482 |o 228 COM 1969 |p 2081482 |r 2025-01-17 |w 2019-11-21 |y BK |k ICR | ||
| 952 | |0 0 |1 0 |4 0 |6 228_000000000000000_COM_1969 |7 0 |8 A |9 368254 |a BIBTEO |b BIBTEO |d 2019-11-21 |i 2081490 |o 228 COM 1969 |p 2081490 |r 2025-01-17 |w 2019-11-21 |y BK |k ICR | ||